1267 1306 1886 1867 1565 1724 1177 1832 1924 1397 1428 1200 1996 1564 1440 1254 1167 1979 1535 1084 1827 1644 1582 1791 1547 1476 1133 1707 1342 1640 1225 1491 1454 1445 1314 1088 1337 1144 1207 1426 1124 1729 1580 1385 1707 1705 1919 1324 1665 1361 1299 1120 1180 1557 1201 1142 1886 1582 1308 1387 1993 1947 1288 1284 1041 1933 1093 1978 1317 1663 1518 1844 1676 1870 1392 1999 1349 1296 1216 1591 1224 1598 1575 1593 1110 1411 1059 1032 1680 1720 1158 1457 1664 1145 1333 1137 1258 1875 1311 BCNSPRNW ULIB Ver.6.0+V

เปลี่ยนเป็นภาษาไทย

Change to English
 แสดงรายละเอียดบรรณานุกรม
  กลับหน้าหลัก

Brief Record : Get Marc (ISO 2709) : E-mail record : QR code < ปิดหน้าต่าง
LEADER : 00000nam 2200000uu 4500
001    13399110907
003     ULIB
008    110613s||||||||th 000 0 tha d
020    9749006488
050  4 AC158^bจ716ช 2546
100    เจนเนอร์ แจน
245    ชีวิตสัตว์โลก/ ^cผู้แต่ง เอ็กซ์ไลน์, โจเซฟ ดี; แปลและเรียบเรียง ตรัยเทพ เกษศิลป์
246 31 สำรวจโลกวิทยาศาสตร์
260    กรุงเทพฯ : ^bเพียร์สัน เอ็ดดูเคชั่น อินโดไชน่า, ^c2546
300    208 หน้า : ^bภาพประกอบ ; ^c28 ซม.
490    สำรวจโลกวิทยาศาสตร์
650    สัตว์
650    วิทยาศาสตร์ ^xการทดลอง
700    ตรัยเทพ เกษศิลป์, ^eผู้แปล
945    ^p0^l0^i028560
995    ทศพร
999 ^a ใช้งานได้ทุกระบบ
รายการนี้ยังไม่มีแท็ก
คุณยังไม่ได้ล็อกอิน คุณสามารถมีกิจกรรมร่วมกับเว็บไซต์ได้ แต่ต้องล็อกอินก่อน ::
  ล็อกอิน

รายการสื่อสารสนเทศ

ลำดับที่ ประเภท เลขเรียก/บาร์โค้ด สถานที่ สถานะ
- ไม่พบข้อมูล -

รายการใกล้เคียง
    ผู้แต่ง [เจนเนอร์ แจน]

    หัวเรื่อง [สัตว์]

BibComment


ยังไม่เคยถูกคอมเมนท์

คอมเมนท์ทรัพยากรรายการนี้
  คอมเมนท์: ชีวิตสัตว์โลก ผู..


 Copyright 2026. Bcnsprnw @Library